Down to Earth at Waldon (Record no. 39357)

MARC details
000 -LEADER
fixed length control field 00439nam a2200145Ia 4500
008 - FIXED-LENGTH DATA ELEMENTS--GENERAL INFORMATION
fixed length control field 211109s9999||||xx |||||||||||||| ||und||
082 ## - DEWEY DECIMAL CLASSIFICATION NUMBER
Classification number 818.309
Item number ROA-D
100 ## - MAIN ENTRY--PERSONAL NAME
Personal name Roach, Marilynne K
245 #0 - TITLE STATEMENT
Title Down to Earth at Waldon
260 ## - PUBLICATION, DISTRIBUTION, ETC.
Name of publisher, distributor, etc. Houghton
Place of publication, distribution, etc. Boston
Date of publication, distribution, etc. 1980
300 ## - PHYSICAL DESCRIPTION
Extent 100p.
630 ## - SUBJECT ADDED ENTRY--UNIFORM TITLE
General subdivision GENERAL STACK
650 ## - SUBJECT ADDED ENTRY--TOPICAL TERM
Topical term or geographic name entry element LITERATURE & RHETORIC
942 ## - ADDED ENTRY ELEMENTS (KOHA)
Koha item type BOOK
650 ## - SUBJECT ADDED ENTRY--TOPICAL TERM
Form subdivision AMERICAN LITERATURE IN ENGLISH
General subdivision AMERICAN MISCELLANEOUS WRITINGSGeneralia
Holdings
Withdrawn status Lost status Damaged status Not for loan Home library Current library Date acquired Cost, normal purchase price Total Checkouts Full call number Barcode Shelving location Date last seen Price effective from Koha item type
        SB LIBRARY SB LIBRARY 09/11/2021 25.00   818.309 ROA-D 00080899 GENERAL STACK 09/11/2021 09/11/2021 BOOK

Powered by Koha